[Event "GER Cup Net Final-B U2000"]
[Site "Playchess.com INT"]
[Date "2020.06.06"]
[Round "11"]
[White "Friedrich, Karl"]
[Black "Schmitt, Roland"]
[Result "1-0"]
[WhiteElo "1747"]
[BlackElo "1658"]
[PlyCount "47"]
[EventDate "2020.06.06"]
[EventType "swiss (blitz)"]
[EventRounds "13"]
[EventCountry "GER"]
[SourceTitle "CBM 197 Extra"]
[Source "ChessBase"]
[SourceDate "2020.09.30"]
[SourceVersion "1"]
[SourceVersionDate "2020.09.30"]
[SourceQuality "1"]

1. Nf3 g6 2. d4 Bg7 3. c4 Nf6 4. Nc3 0-0 5. e4 d6 6. Be2 e5 7. Bg5 h6 8. Bh4 g5 9. Bg3 Nh5 10. dxe5 Nxg3 11. hxg3 dxe5 12. Nd5 c6 13. Ne3 Qe7 14. Qc2 Be6 15. b3 Nd7 16. Nh2 Qb4+ 17. Kf1 Nc5 18. Nhg4 Kh7 19. Nf5 Bxf5 20. exf5 f6 21. Nxe5 Rfe8 22. Nf3 Ne4 23. a3 Qc5 24. Bd3 1-0

[Event "GER Cup Net Final-B U2000"]
[Site "Playchess.com INT"]
[Date "2020.06.06"]
[Round "12"]
[White "Schmitt, Roland"]
[Black "Voigt, Detlev"]
[Result "1-0"]
[WhiteElo "1658"]
[BlackElo "1734"]
[PlyCount "57"]
[EventDate "2020.06.06"]
[EventType "swiss (blitz)"]
[EventRounds "13"]
[EventCountry "GER"]
[SourceTitle "CBM 197 Extra"]
[Source "ChessBase"]
[SourceDate "2020.09.30"]
[SourceVersion "1"]
[SourceVersionDate "2020.09.30"]
[SourceQuality "1"]

1. e4 c6 2. d4 d5 3. exd5 cxd5 4. c4 dxc4 5. Bxc4 Qc7 6. Qb3 e6 7. Nc3 a6 8. a4 Nc6 9. Qd1 Nf6 10. Nf3 Bb4 11. 0-0 0-0 12. Bg5 Be7 13. Rc1 b6 14. Qe2 Bb7 15. Bxf6 Bxf6 16. d5 Na5 17. Ne4 Be5 18. dxe6 Nxc4 19. exf7+ Rxf7 20. Rxc4 Qe7 21. Nfg5 Rf4 22. Qh5 Bxe4 23. Rxe4 h6 24. Rxf4 Bxf4 25. Nf3 Rf8 26. Qd5+ Kh8 27. Re1 Rd8 28. Qf5 Qd6 29. g3 1-0

[Event "GER Cup Net Final-B U2000"]
[Site "Playchess.com INT"]
[Date "2020.06.06"]
[Round "2"]
[White "Spieker, Hans Joachim"]
[Black "Schmitt, Roland"]
[Result "1-0"]
[WhiteElo "1785"]
[BlackElo "1658"]
[PlyCount "73"]
[EventDate "2020.06.06"]
[EventType "swiss (blitz)"]
[EventRounds "13"]
[EventCountry "GER"]
[SourceTitle "CBM 197 Extra"]
[Source "ChessBase"]
[SourceDate "2020.09.30"]
[SourceVersion "1"]
[SourceVersionDate "2020.09.30"]
[SourceQuality "1"]

1. Nf3 c5 2. g3 g6 3. Bg2 Bg7 4. 0-0 d6 5. c4 Nf6 6. d3 0-0 7. Nbd2 Nc6 8. a3 a5 9. Rb1 Bf5 10. Re1 Qd7 11. Nf1 Bh3 12. Bh1 Nh5 13. Bd2 f5 14. b4 axb4 15. axb4 cxb4 16. Bxb4 Nxb4 17. Rxb4 f4 18. Ng5 f3 19. exf3 Nf4 20. c5 d5 21. Ne3 Bh6 22. Nxh3 Qxh3 23. Ng4 Bg5 24. gxf4 Rxf4 25. Rxf4 Bxf4 26. Bg2 Qh4 27. h3 h5 28. Nh2 Ra2 29. Re2 Ra3 30. Qe1 Qf6 31. Re6 Ra1 32. Qxa1 Qxa1+ 33. Bf1 Kf7 34. Rb6 Qe5 35. Ng4 hxg4 36. hxg4 Qf6 37. Rxf6+ 1-0

[Event "GER Cup Net Final-B U2000"]
[Site "Playchess.com INT"]
[Date "2020.06.06"]
[Round "6"]
[White "Stangl, Anita"]
[Black "Schmitt, Roland"]
[Result "1-0"]
[WhiteElo "1768"]
[BlackElo "1658"]
[PlyCount "77"]
[EventDate "2020.06.06"]
[EventType "swiss (blitz)"]
[EventRounds "13"]
[EventCountry "GER"]
[SourceTitle "CBM 197 Extra"]
[Source "ChessBase"]
[SourceDate "2020.09.30"]
[SourceVersion "1"]
[SourceVersionDate "2020.09.30"]
[SourceQuality "1"]

1. e4 c5 2. Nf3 d6 3. d4 cxd4 4. Nxd4 Nf6 5. Nc3 g6 6. Bc4 Bg7 7. 0-0 0-0 8. Bg5 h6 9. Bh4 a6 10. a3 Nc6 11. Nde2 Bd7 12. Kh1 g5 13. Bg3 e5 14. h4 Nh5 15. hxg5 Nxg3+ 16. Nxg3 Qxg5 17. Qh5 Nd4 18. Bd3 Be6 19. Nd5 Bxd5 20. exd5 f5 21. c3 Nb3 22. Rad1 e4 23. Bc2 Nc5 24. b4 Nd7 25. c4 Rac8 26. Bb3 b6 27. Ba4 Ne5 28. Rc1 Nxc4 29. Bd7 Rc7 30. Be6+ Kh7 31. Qxg5 hxg5 32. Bxf5+ Kh8 33. Bxe4 b5 34. Nf5 Be5 35. g3 Rcf7 36. g4 Nd2 37. Rfe1 Nc4 38. Kg2 Kg8 39. Nh6+ 1-0

[Event "GER Cup Net V4 U2000"]
[Site "Playchess.com INT"]
[Date "2020.05.31"]
[Round "6"]
[White "Domroese, Michael"]
[Black "Schmitt, Roland"]
[Result "0-1"]
[WhiteElo "1569"]
[BlackElo "1589"]
[PlyCount "78"]
[EventDate "2020.05.31"]
[EventType "swiss (blitz)"]
[EventRounds "9"]
[EventCountry "GER"]
[SourceTitle "EXT 2021"]
[Source "ChessBase"]
[SourceDate "2020.10.23"]
[SourceVersion "1"]
[SourceVersionDate "2020.10.23"]
[SourceQuality "1"]

1. e4 c5 2. Nc3 Nc6 3. f4 g6 4. Nf3 Bg7 5. Bc4 e6 6. d3 Nge7 7. 0-0 0-0 8. Qe1 d5 9. Bb3 Nd4 10. Nxd4 Bxd4+ 11. Kh1 a6 12. a4 b6 13. Qh4 Bg7 14. f5 exf5 15. Bg5 f6 16. Bh6 Be6 17. Bxg7 Kxg7 18. Rf3 c4 19. Rh3 h5 20. Nxd5 cxb3 21. Nxe7 Qxe7 22. cxb3 fxe4 23. Rg3 Bg4 24. dxe4 g5 25. Rxg4 hxg4 26. Qxg4 Rae8 27. Re1 Qe6 28. Qe2 a5 29. Qb5 Rh8 30. h3 Re7 31. e5 fxe5 32. Qe2 Rh4 33. Qf2 Rf4 34. Qc2 Ref7 35. Rd1 Rf1+ 36. Rxf1 Rxf1+ 37. Kh2 Rf7 38. Qe4 Qf6 39. Qc6 Qxc6 0-1

[Event "GER Cup Net V4 U2000"]
[Site "Playchess.com INT"]
[Date "2020.05.31"]
[Round "8"]
[White "Hertel, Marco"]
[Black "Schmitt, Roland"]
[Result "0-1"]
[WhiteElo "1835"]
[BlackElo "1589"]
[PlyCount "52"]
[EventDate "2020.05.31"]
[EventType "swiss (blitz)"]
[EventRounds "9"]
[EventCountry "GER"]
[SourceTitle "EXT 2021"]
[Source "ChessBase"]
[SourceDate "2020.10.23"]
[SourceVersion "1"]
[SourceVersionDate "2020.10.23"]
[SourceQuality "1"]

1. e4 g6 2. d4 Bg7 3. f4 d6 4. Nf3 e6 5. Bd3 Ne7 6. 0-0 h6 7. c3 0-0 8. e5 Nbc6 9. b3 b6 10. Nbd2 dxe5 11. fxe5 Nxe5 12. Nxe5 Bxe5 13. Be4 Bxd4+ 14. cxd4 Qxd4+ 15. Kh1 Ba6 16. Ba3 Bxf1 17. Bxe7 Be2 18. Qxe2 Qxa1+ 19. Nf1 Rad8 20. h3 Rd1 21. Bd3 Re8 22. Bb4 Rd8 23. Bc4 Rxf1+ 24. Qxf1 Rd1 25. Kh2 Rxf1 26. Bxf1 Qxf1 0-1

[Event "GER Cup Net V4 U2000"]
[Site "Playchess.com INT"]
[Date "2020.05.31"]
[Round "9"]
[White "Noack, Thomas"]
[Black "Schmitt, Roland"]
[Result "1/2-1/2"]
[WhiteElo "1691"]
[BlackElo "1589"]
[PlyCount "26"]
[EventDate "2020.05.31"]
[EventType "swiss (blitz)"]
[EventRounds "9"]
[EventCountry "GER"]
[SourceTitle "EXT 2021"]
[Source "ChessBase"]
[SourceDate "2020.10.23"]
[SourceVersion "1"]
[SourceVersionDate "2020.10.23"]
[SourceQuality "1"]

1. e4 c5 2. Nc3 g6 3. f4 Bg7 4. Nf3 a6 5. d3 e6 6. Be2 Ne7 7. 0-0 0-0 8. Qe1 Nbc6 9. Qh4 Nd4 10. Bd1 f5 11. Ng5 h6 12. Nf3 Nec6 13. Qxd8 Rxd8 1/2-1/2

[Event "GER Cup Net V4 U2000"]
[Site "Playchess.com INT"]
[Date "2020.05.31"]
[Round "7"]
[White "Schmitt, Roland"]
[Black "Niemann, Alexander"]
[Result "1-0"]
[WhiteElo "1589"]
[BlackElo "1705"]
[PlyCount "71"]
[EventDate "2020.05.31"]
[EventType "swiss (blitz)"]
[EventRounds "9"]
[EventCountry "GER"]
[SourceTitle "EXT 2021"]
[Source "ChessBase"]
[SourceDate "2020.10.23"]
[SourceVersion "1"]
[SourceVersionDate "2020.10.23"]
[SourceQuality "1"]

1. e4 e5 2. Nf3 Nc6 3. d4 exd4 4. Bc4 Be7 5. 0-0 d6 6. c3 d3 7. Bf4 Bg4 8. Qb3 Nf6 9. Bxf7+ Kf8 10. Ng5 h6 11. f3 hxg5 12. fxg4 gxf4 13. Rxf4 Ne5 14. Be6 Ke8 15. g5 Rf8 16. gxf6 Rxf6 17. Rxf6 Bxf6 18. Qxb7 Bg5 19. Na3 Ke7 20. Rf1 Kxe6 21. Qd5+ Ke7 22. Nc4 Bf6 23. Ne3 Qc8 24. Nf5+ Ke8 25. Qg8+ Kd7 26. Qd5 Qg8 27. Qb5+ Ke6 28. Qb3+ Kd7 29. Qb5+ Kc8 30. h3 d2 31. Rd1 Qc4 32. Qe8+ Kb7 33. Qh5 Qc5+ 34. Kh2 Qf2 35. Rg1 Nd3 36. Qd1 1-0

[Event "GER Cup Net V3 U2000"]
[Site "Playchess.com INT"]
[Date "2020.05.27"]
[Round "3"]
[White "Hasic, Mirza"]
[Black "Schmitt, Roland"]
[Result "1-0"]
[WhiteElo "1786"]
[BlackElo "1682"]
[PlyCount "69"]
[EventDate "2020.05.27"]
[EventType "swiss (blitz)"]
[EventRounds "9"]
[EventCountry "GER"]
[SourceTitle "EXT 2021"]
[Source "ChessBase"]
[SourceDate "2020.10.23"]
[SourceVersion "1"]
[SourceVersionDate "2020.10.23"]
[SourceQuality "1"]

1. d4 Nf6 2. c4 g6 3. Nc3 d5 4. cxd5 Nxd5 5. e4 Nxc3 6. bxc3 Bg7 7. Bc4 c5 8. Ne2 0-0 9. Be3 Nc6 10. 0-0 Bg4 11. f3 Na5 12. Bd5 cxd4 13. cxd4 Bc8 14. Qd2 e6 15. Bb3 Nxb3 16. axb3 b6 17. Bh6 Bb7 18. Bxg7 Kxg7 19. Rfd1 Qd6 20. h4 h5 21. Qg5 f6 22. Qe3 Rfd8 23. Rac1 Rac8 24. Rxc8 Bxc8 25. Nf4 Qb4 26. e5 f5 27. Nh3 Rd5 28. Qg5 Qf8 29. Nf4 Rb5 30. Nxh5+ Kh8 31. Nf6 Qg7 32. Rc1 Ba6 33. Rc7 Qxc7 34. Qh6+ Qh7 35. Qxh7# 1-0

[Event "GER Cup Net V3 U2000"]
[Site "Playchess.com INT"]
[Date "2020.05.27"]
[Round "1"]
[White "Schmitt, Roland"]
[Black "Bashylina, Luisa"]
[Result "1-0"]
[WhiteElo "1682"]
[BlackElo "1941"]
[PlyCount "53"]
[EventDate "2020.05.27"]
[EventType "swiss (blitz)"]
[EventRounds "9"]
[EventCountry "GER"]
[SourceTitle "EXT 2021"]
[Source "ChessBase"]
[SourceDate "2020.10.23"]
[SourceVersion "1"]
[SourceVersionDate "2020.10.23"]
[SourceQuality "1"]

1. d4 Nf6 2. c4 g6 3. Nc3 Bg7 4. e4 d6 5. Nf3 0-0 6. Be2 Bg4 7. Be3 Nfd7 8. h3 Bxf3 9. Bxf3 c5 10. 0-0 Na6 11. Re1 cxd4 12. Bxd4 Ne5 13. Be2 Rc8 14. b3 Nc5 15. f4 Nc6 16. Bxg7 Kxg7 17. Bg4 Rb8 18. Qd2 a6 19. Rad1 b5 20. cxb5 axb5 21. Qd5 Qb6 22. Kh1 e6 23. Qd2 Rfd8 24. Bf3 b4 25. Ne2 e5 26. f5 f6 27. Ng3 1-0

[Event "GER Cup Net V3 U2000"]
[Site "Playchess.com INT"]
[Date "2020.05.27"]
[Round "7"]
[White "Schmitt, Roland"]
[Black "Serreck, Uwe"]
[Result "0-1"]
[WhiteElo "1682"]
[BlackElo "1720"]
[PlyCount "54"]
[EventDate "2020.05.27"]
[EventType "swiss (blitz)"]
[EventRounds "9"]
[EventCountry "GER"]
[SourceTitle "EXT 2021"]
[Source "ChessBase"]
[SourceDate "2020.10.23"]
[SourceVersion "1"]
[SourceVersionDate "2020.10.23"]
[SourceQuality "1"]

1. d4 g6 2. c4 Nf6 3. Nc3 Bg7 4. e4 d6 5. Nf3 0-0 6. Be2 e5 7. 0-0 Nc6 8. d5 Ne7 9. Ne1 Nd7 10. Bd2 f5 11. f3 f4 12. Rc1 g5 13. Nd3 Ng6 14. c5 Nf6 15. Nb5 Rf7 16. cxd6 cxd6 17. a4 g4 18. Bb4 Bf8 19. Na3 g3 20. Nc4 gxh2+ 21. Kh1 Nh5 22. Bxd6 Qh4 23. g4 fxg3 24. Bxe5 Nxe5 25. Ncxe5 Qh3 26. Ne1 g2+ 27. Nxg2 Ng3# 0-1

[Event "GER Cup Net V2 U2000"]
[Site "Playchess.com INT"]
[Date "2020.05.22"]
[Round "9"]
[White "Schmitt, Roland"]
[Black "Block, Timo"]
[Result "1/2-1/2"]
[WhiteElo "1644"]
[BlackElo "1840"]
[PlyCount "27"]
[EventDate "2020.05.22"]
[EventType "swiss (blitz)"]
[EventRounds "9"]
[EventCountry "GER"]
[SourceTitle "EXT 2021"]
[Source "ChessBase"]
[SourceDate "2020.10.23"]
[SourceVersion "1"]
[SourceVersionDate "2020.10.23"]
[SourceQuality "1"]

1. e4 e6 2. d4 d5 3. Nc3 Bb4 4. e5 c5 5. a3 Bxc3+ 6. bxc3 Qc7 7. Nf3 cxd4 8. cxd4 Nc6 9. Qd3 f6 10. Bf4 Qa5+ 11. Bd2 Qc7 12. Bf4 Qa5+ 13. Bd2 Qc7 14. Bf4 1/2-1/2

[Event "GER Cup Net V2 U2000"]
[Site "Playchess.com INT"]
[Date "2020.05.22"]
[Round "7"]
[White "Schmitt, Roland"]
[Black "Roeder, Phillipp"]
[Result "1-0"]
[WhiteElo "1600"]
[BlackElo "1697"]
[PlyCount "35"]
[EventDate "2020.05.22"]
[EventType "swiss (blitz)"]
[EventRounds "9"]
[EventCountry "GER"]
[SourceTitle "EXT 2021"]
[Source "ChessBase"]
[SourceDate "2020.10.23"]
[SourceVersion "1"]
[SourceVersionDate "2020.10.23"]
[SourceQuality "1"]

1. e4 c6 2. d4 d5 3. exd5 cxd5 4. c4 Nf6 5. Nc3 e6 6. cxd5 Nxd5 7. Nf3 Be7 8. Bd3 0-0 9. 0-0 Nc6 10. a3 a6 11. Re1 b5 12. Nxd5 exd5 13. Qc2 Bd7 14. Bxh7+ Kh8 15. Bd3 Rc8 16. Qe2 Bf6 17. Ne5 Nxe5 18. Qh5+ 1-0

[Event "GER Cup Net V2 U2000"]
[Site "Playchess.com INT"]
[Date "2020.05.22"]
[Round "4"]
[White "Schmitt, Roland"]
[Black "Spieker, Hans Joachim"]
[Result "0-1"]
[WhiteElo "1619"]
[BlackElo "1747"]
[PlyCount "48"]
[EventDate "2020.05.22"]
[EventType "swiss (blitz)"]
[EventRounds "9"]
[EventCountry "GER"]
[SourceTitle "EXT 2021"]
[Source "ChessBase"]
[SourceDate "2020.10.23"]
[SourceVersion "1"]
[SourceVersionDate "2020.10.23"]
[SourceQuality "1"]

1. e4 c5 2. d4 cxd4 3. c3 dxc3 4. Nxc3 Nc6 5. Nf3 d6 6. Bc4 e6 7. 0-0 Nf6 8. Qe2 Bd7 9. Rd1 Qb8 10. Bf4 Ne5 11. Rac1 Bc6 12. Bb5 Be7 13. Bxe5 dxe5 14. Bxc6+ bxc6 15. Qc4 c5 16. Qa4+ Kf8 17. Rc2 g6 18. Qc6 Kg7 19. Na4 Rc8 20. Qa6 Nxe4 21. Rd7 Bf6 22. Qxe6 Rf8 23. Re2 Kg8 24. Qxe5 Bxe5 0-1

[Event "GER Cup Net V1 U2000"]
[Site "Playchess.com INT"]
[Date "2020.05.19"]
[Round "9"]
[White "Hofmeister, Frank"]
[Black "Schmitt, Roland"]
[Result "1-0"]
[WhiteElo "1456"]
[BlackElo "1619"]
[PlyCount "45"]
[EventDate "2020.05.19"]
[EventType "swiss (blitz)"]
[EventRounds "9"]
[EventCountry "GER"]
[SourceTitle "EXT 2021"]
[Source "ChessBase"]
[SourceDate "2020.10.23"]
[SourceVersion "1"]
[SourceVersionDate "2020.10.23"]
[SourceQuality "1"]

1. e4 c5 2. Nf3 d6 3. d4 cxd4 4. Nxd4 Nf6 5. Nc3 g6 6. Be2 Bg7 7. 0-0 0-0 8. Be3 Nc6 9. Rc1 Bd7 10. b3 Rc8 11. Nd5 Nxe4 12. Bf3 Nc5 13. Re1 Ne6 14. Nxc6 Bxc6 15. Bxa7 Qa5 16. Bb6 Qxa2 17. Nxe7+ Kh8 18. Nxc8 Rxc8 19. Qxd6 Bxf3 20. gxf3 Rxc2 21. Rxc2 Qxc2 22. Rxe6 fxe6 23. Qd8+ 1-0

[Event "GER Cup Net V1 U2000"]
[Site "Playchess.com INT"]
[Date "2020.05.19"]
[Round "5"]
[White "Schmitt, Roland"]
[Black "Sauk, Peter"]
[Result "0-1"]
[WhiteElo "1692"]
[BlackElo "1862"]
[PlyCount "64"]
[EventDate "2020.05.19"]
[EventType "swiss (blitz)"]
[EventRounds "9"]
[EventCountry "GER"]
[SourceTitle "EXT 2021"]
[Source "ChessBase"]
[SourceDate "2020.10.23"]
[SourceVersion "1"]
[SourceVersionDate "2020.10.23"]
[SourceQuality "1"]

1. e4 e6 2. d4 d5 3. Nc3 Bb4 4. e5 c5 5. a3 Bxc3+ 6. bxc3 Ne7 7. h4 Bd7 8. a4 Nbc6 9. h5 Qa5 10. Bd2 c4 11. Rh3 0-0-0 12. Bc1 f6 13. f4 Nf5 14. Ne2 fxe5 15. fxe5 Rhf8 16. Ba3 Rf7 17. g4 Nh6 18. Rg3 g6 19. Qc1 Ng8 20. Bd6 Nge7 21. Qa3 Rdf8 22. Bg2 Qd8 23. h6 g5 24. Rb1 Rg8 25. a5 Ng6 26. a6 b6 27. Qb2 Nf4 28. Ng1 Rg6 29. Bc5 Be8 30. Nf3 Rxh6 31. Nxg5 Nxg2+ 32. Rxg2 Qxg5 0-1

[Event "GER Cup Net V1 U2000"]
[Site "Playchess.com INT"]
[Date "2020.05.19"]
[Round "3"]
[White "Schmitt, Roland"]
[Black "Thielscher, Rene"]
[Result "1-0"]
[WhiteElo "1693"]
[BlackElo "1534"]
[PlyCount "37"]
[EventDate "2020.05.19"]
[EventType "swiss (blitz)"]
[EventRounds "9"]
[EventCountry "GER"]
[SourceTitle "EXT 2021"]
[Source "ChessBase"]
[SourceDate "2020.10.23"]
[SourceVersion "1"]
[SourceVersionDate "2020.10.23"]
[SourceQuality "1"]

1. e4 Nf6 2. Nc3 e5 3. f4 Bb4 4. Nf3 Bxc3 5. dxc3 exf4 6. e5 Ng8 7. Bc4 c6 8. 0-0 Qb6+ 9. Kh1 Ne7 10. Ng5 0-0 11. Qh5 h6 12. Nxf7 d5 13. exd6 Nd5 14. Nxh6+ gxh6 15. Qg6+ Kh8 16. Qxh6+ Kg8 17. Bxf4 Nd7 18. Be5 Qxb2 19. Qg7# 1-0

[Event "GER-ch Net blitz qual3"]
[Site "Playchess.com INT"]
[Date "2020.03.21"]
[Round "5"]
[White "Abele, Anais"]
[Black "Schmitt, Roland"]
[Result "1-0"]
[WhiteElo "1784"]
[BlackElo "1925"]
[PlyCount "57"]
[EventDate "2020.03.21"]
[EventType "swiss (blitz)"]
[EventRounds "9"]
[EventCountry "GER"]
[SourceTitle "CBM 195 Extra"]
[Source "ChessBase"]
[SourceDate "2020.05.31"]
[SourceVersion "1"]
[SourceVersionDate "2020.05.31"]
[SourceQuality "1"]

1. e4 c5 2. Nc3 Nc6 3. f4 e6 4. Nf3 d5 5. d3 g6 6. Be2 Bg7 7. 0-0 Nf6 8. exd5 exd5 9. Ne5 Nd4 10. Kh1 0-0 11. Nf3 Nf5 12. Ng5 h6 13. Nf3 b6 14. Qe1 Bb7 15. Nh4 Nd4 16. f5 g5 17. Nf3 Nxc2 18. Qg3 Nxa1 19. Bd1 Nh7 20. Bd2 Re8 21. Ba4 Re7 22. Rxa1 Nf8 23. Rf1 Bf6 24. h4 Nh7 25. hxg5 Nxg5 26. Nxg5 hxg5 27. Bxg5 Bxg5 28. Qxg5+ Kf8 29. f6 1-0

[Event "GER-ch Net blitz qual3"]
[Site "Playchess.com INT"]
[Date "2020.03.21"]
[Round "8"]
[White "Hoppe, Frank"]
[Black "Schmitt, Roland"]
[Result "1-0"]
[WhiteElo "2040"]
[BlackElo "1925"]
[PlyCount "61"]
[EventDate "2020.03.21"]
[EventType "swiss (blitz)"]
[EventRounds "9"]
[EventCountry "GER"]
[SourceTitle "CBM 195 Extra"]
[Source "ChessBase"]
[SourceDate "2020.05.31"]
[SourceVersion "1"]
[SourceVersionDate "2020.05.31"]
[SourceQuality "1"]

1. e4 c5 2. Nc3 e6 3. Nf3 d5 4. d3 Nc6 5. g3 g6 6. Bg2 Bg7 7. 0-0 Nf6 8. Bg5 h6 9. Bxf6 Bxf6 10. exd5 exd5 11. Re1+ Kf8 12. Nd2 Ne7 13. Qf3 Kg7 14. Nxd5 Nxd5 15. Qxd5 Be6 16. Qxd8 Rhxd8 17. Bxb7 Rab8 18. Ba6 Bxb2 19. Rab1 Bc3 20. Rxb8 Rxb8 21. Re2 Bxd2 22. Rxd2 Bh3 23. f4 Rb1+ 24. Kf2 Rf1+ 25. Ke3 Re1+ 26. Re2 Ra1 27. Bc4 Bf1 28. Rf2 Re1+ 29. Kd2 Rb1 30. Bb3 Bh3 31. Kc3 1-0

[Event "GER-ch Net blitz qual3"]
[Site "Playchess.com INT"]
[Date "2020.03.21"]
[Round "6"]
[White "Schmitt, Roland"]
[Black "Heinrich, Sebastian"]
[Result "1-0"]
[WhiteElo "1925"]
[BlackElo "1686"]
[PlyCount "37"]
[EventDate "2020.03.21"]
[EventType "swiss (blitz)"]
[EventRounds "9"]
[EventCountry "GER"]
[SourceTitle "CBM 195 Extra"]
[Source "ChessBase"]
[SourceDate "2020.05.31"]
[SourceVersion "1"]
[SourceVersionDate "2020.05.31"]
[SourceQuality "1"]

1. d4 d5 2. c4 e6 3. Nf3 Bb4+ 4. Nbd2 c6 5. a3 Be7 6. Nb1 Nf6 7. Nc3 dxc4 8. e4 b5 9. e5 Nd5 10. Ne4 Nd7 11. Bd2 0-0 12. h4 N7b6 13. Nfg5 Na4 14. Nxh7 Kxh7 15. Qh5+ Kg8 16. Ng5 Bxg5 17. hxg5 f6 18. g6 Re8 19. Qh8# 1-0

[Event "GER-ch Net blitz qual3"]
[Site "Playchess.com INT"]
[Date "2020.03.21"]
[Round "3"]
[White "Schmitt, Roland"]
[Black "Hundack, Rolf"]
[Result "0-1"]
[WhiteElo "1925"]
[BlackElo "2126"]
[PlyCount "40"]
[EventDate "2020.03.21"]
[EventType "swiss (blitz)"]
[EventRounds "9"]
[EventCountry "GER"]
[SourceTitle "CBM 195 Extra"]
[Source "ChessBase"]
[SourceDate "2020.05.31"]
[SourceVersion "1"]
[SourceVersionDate "2020.05.31"]
[SourceQuality "1"]

1. d4 Nf6 2. c4 e5 3. dxe5 Ng4 4. Nf3 Nc6 5. e3 Ngxe5 6. Be2 Bb4+ 7. Bd2 Nxf3+ 8. Bxf3 Bxd2+ 9. Nxd2 0-0 10. 0-0 d6 11. Be4 Be6 12. f4 f5 13. Bd5 Bxd5 14. cxd5 Ne7 15. Nf3 Kh8 16. Qd4 c5 17. Qd2 h6 18. Rad1 b5 19. Qf2 Qe8 20. Nd2 Nxd5 0-1

[Event "Pfalz op-B 9th"]
[Site "Neustadt an der Weinstrasse"]
[Date "2018.02.11"]
[Round "5"]
[White "Rudolph, Eva"]
[Black "Schmitt, Roland"]
[Result "0-1"]
[WhiteElo "1793"]
[BlackElo "1909"]
[PlyCount "62"]
[EventDate "2018.02.09"]
[EventType "swiss"]
[EventRounds "7"]
[EventCountry "GER"]
[SourceTitle "CBM 182 Extra"]
[Source "ChessBase"]
[SourceDate "2018.02.23"]
[SourceVersion "1"]
[SourceVersionDate "2018.02.23"]
[SourceQuality "1"]

1. e4 c5 2. Nc3 Nc6 3. f4 g6 4. Nf3 Bg7 5. Bb5 Nd4 6. 0-0 Nxb5 7. Nxb5 d5 8. exd5 a6 9. Nc3 Nf6 10. d3 Nxd5 11. Ne4 0-0 12. Nxc5 Qc7 13. d4 Nxf4 14. c3 e5 15. Nd3 Nxd3 16. Qxd3 Bf5 17. Qe3 exd4 18. Nxd4 Rfe8 19. Qf2 Bd3 20. Rd1 Bc4 21. Be3 Re4 22. Re1 Rae8 23. a3 f5 24. Bd2 Bxd4 25. cxd4 Re2 26. Qh4 Qc6 27. Rxe2 Rxe2 28. Qg5 Qe4 29. Bc3 Bd5 30. Qd8+ Kg7 31. Qc7+ Kh6 0-1

[Event "Pfalz op-B 9th"]
[Site "Neustadt an der Weinstrasse"]
[Date "2018.02.10"]
[Round "2"]
[White "Schmitt, Roland"]
[Black "Wurmbauer, Nils"]
[Result "1-0"]
[WhiteElo "1909"]
[BlackElo "1778"]
[PlyCount "53"]
[EventDate "2018.02.09"]
[EventType "swiss"]
[EventRounds "7"]
[EventCountry "GER"]
[SourceTitle "CBM 182 Extra"]
[Source "ChessBase"]
[SourceDate "2018.02.23"]
[SourceVersion "1"]
[SourceVersionDate "2018.02.23"]
[SourceQuality "1"]

1. e4 e5 2. d4 exd4 3. c3 d5 4. exd5 Qxd5 5. cxd4 Nc6 6. Nf3 Bg4 7. Be2 0-0-0 8. Nc3 Bb4 9. 0-0 Bxc3 10. bxc3 Nf6 11. h3 Bh5 12. Be3 Qd7 13. Rb1 Nd5 14. Qb3 Na5 15. Qa3 Bxf3 16. Bxf3 b6 17. c4 Nxe3 18. fxe3 g6 19. c5 Rhe8 20. Qd3 Nc6 21. Qa6+ Kb8 22. Rfc1 Rc8 23. d5 Nd8 24. c6 Qe7 25. Rc3 Qg5 26. Rbb3 Qg3 27. Ra3 1-0

[Event "Pfalz op-B 9th"]
[Site "Neustadt an der Weinstrasse"]
[Date "2018.02.09"]
[Round "1"]
[White "Daday, Csaba"]
[Black "Schmitt, Roland"]
[Result "0-1"]
[WhiteElo "1694"]
[BlackElo "1909"]
[PlyCount "38"]
[EventDate "2018.02.09"]
[EventType "swiss"]
[EventRounds "7"]
[EventCountry "GER"]
[SourceTitle "CBM 182 Extra"]
[Source "ChessBase"]
[SourceDate "2018.02.23"]
[SourceVersion "1"]
[SourceVersionDate "2018.02.23"]
[SourceQuality "1"]

1. Nf3 Nf6 2. g3 g6 3. Bg2 Bg7 4. 0-0 0-0 5. d3 d5 6. Nbd2 c5 7. e4 Nc6 8. Re1 b6 9. Nf1 Bb7 10. e5 Ng4 11. Bf4 f6 12. exf6 Bxf6 13. h3 e5 14. Bc1 Nxf2 15. Kxf2 e4 16. dxe4 Bd4+ 17. Ke2 Ba6+ 18. c4 Bxc4+ 19. Kd2 dxe4 0-1

[Event "Frankfurt-chA"]
[Site "Frankfurt"]
[Date "2017.06.12"]
[Round "7"]
[White "Schmitt, Roland"]
[Black "Moritz, Dennis"]
[Result "0-1"]
[WhiteElo "1848"]
[BlackElo "1526"]
[PlyCount "72"]
[EventDate "2017.04.24"]
[EventType "swiss"]
[EventRounds "7"]
[EventCountry "GER"]
[SourceTitle "EXT 2018"]
[Source "ChessBase"]
[SourceDate "2017.10.13"]
[SourceVersion "1"]
[SourceVersionDate "2017.10.13"]
[SourceQuality "1"]

1. e4 e6 2. d4 c5 3. c4 cxd4 4. Nf3 Bb4+ 5. Bd2 Bxd2+ 6. Qxd2 Ne7 7. Nxd4 0-0 8. Bd3 Nbc6 9. Nc2 d5 10. cxd5 exd5 11. Nc3 dxe4 12. Nxe4 Ne5 13. Be2 Bf5 14. Qe3 Qd5 15. f3 N7c6 16. 0-0 Rad8 17. Rfd1 Qa5 18. b4 Rxd1+ 19. Rxd1 Qxa2 20. Qc3 Bxe4 21. fxe4 Nxb4 22. Nxb4 Qxe2 23. Re1 Qb5 24. Nd5 Nc6 25. Re3 Qa5 26. Nf6+ Kh8 27. Rh3 h6 28. Qc1 g5 29. Nd7 Re8 30. e5 Kg7 31. Qf1 Re6 32. Rf3 Nxe5 33. Rf5 Qd5 34. Nf6 Qd4+ 35. Kh1 Qd3 36. Nh5+ Kh8 0-1